|
|
|
|
| LEADER |
00000cam a2200000 7i4500 |
| 001 |
0000004648 |
| 005 |
20220105104004.0 |
| 008 |
070730 |
| 020 |
|
|
|a 9838524549
|
| 090 |
0 |
0 |
|a JP
|b ANM MAL (3968)
|
| 100 |
0 |
|
|a Khadijah Hashim
|
| 245 |
1 |
0 |
|a Gajah dan ular buta
|c Khadijah Hashim
|
| 260 |
|
|
|a Selangor :
|b 'K' Publishing ,
|c 2006
|
| 440 |
|
|
|a Siri teladan dari rimba
|
| 500 |
|
|
|a Children age 4-6 years old (yellow)
|
| 650 |
|
0 |
|a Animal
|x Fiction
|
| 650 |
|
0 |
|a Children's stories
|
| 999 |
|
|
|a 0000976632
|b Book
|c Children Collection
|e Perbadanan Perpustakaan Awam Johor
|
| 999 |
|
|
|a 0000976633
|b Book
|c Children Collection
|e Perbadanan Perpustakaan Awam Johor
|
| 999 |
|
|
|a 0000976634
|b Book
|c Children Collection
|e Perbadanan Perpustakaan Awam Johor
|
| 999 |
|
|
|a 0000976635
|b Book
|c Children Collection
|e Perbadanan Perpustakaan Awam Johor
|
| 999 |
|
|
|a 0000976636
|b Book
|c Children Collection
|e Perbadanan Perpustakaan Awam Johor
|
| 999 |
|
|
|a 0000980686
|b Book
|c Children Collection
|e Cawangan Taman Universiti
|
| 999 |
|
|
|a 0000980687
|b Book
|c Children Collection
|e Cawangan Taman Universiti
|
| 999 |
|
|
|a 0000980688
|b Book
|c Children Collection
|e Cawangan Bandar Penawar
|
| 999 |
|
|
|a 0000980689
|b Book
|c Children Collection
|e Cawangan Bandar Penawar
|